<?xml version="1.0" encoding="UTF-8"?>
<record
    xmlns:xsi="http://www.w3.org/2001/XMLSchema-instance"
    xsi:schemaLocation="http://www.loc.gov/MARC21/slim http://www.loc.gov/standards/marcxml/schema/MARC21slim.xsd"
    xmlns="http://www.loc.gov/MARC21/slim">

  <leader>02596nam a2200229 i 4500</leader>
  <controlfield tag="001">Rebiun37478658</controlfield>
  <controlfield tag="008">250131s2025    sp ao  gr     001 0 spa d</controlfield>
  <datafield tag="017" ind1=" " ind2=" ">
    <subfield code="a">DL : M-25895-2024</subfield>
  </datafield>
  <datafield tag="020" ind1=" " ind2=" ">
    <subfield code="a">9788419414540</subfield>
  </datafield>
  <datafield tag="040" ind1=" " ind2=" ">
    <subfield code="a">UVA </subfield>
    <subfield code="c">tbs</subfield>
    <subfield code="b">ENG</subfield>
  </datafield>
  <datafield tag="041" ind1=" " ind2=" ">
    <subfield code="a">Spanish</subfield>
  </datafield>
  <datafield tag="100" ind1=" " ind2=" ">
    <subfield code="a">Levi, Andrea</subfield>
    <subfield code="9">25540</subfield>
  </datafield>
  <datafield tag="245" ind1="1" ind2="3">
    <subfield code="a">La gen&#xE9;tica de los recuerdos </subfield>
    <subfield code="b">: C&#xF3;mo la vida se convierte en memoria </subfield>
    <subfield code="c">/ Andrea Levi ; [Traducci&#xF3;n y edici&#xF3;n de Antonio Cuesta]</subfield>
  </datafield>
  <datafield tag="260" ind1=" " ind2=" ">
    <subfield code="a">C&#xF3;rdoba : </subfield>
    <subfield code="b">Guadalmaz&#xE1;n, </subfield>
    <subfield code="c">2025</subfield>
  </datafield>
  <datafield tag="300" ind1=" " ind2=" ">
    <subfield code="a">186 pages:</subfield>
    <subfield code="c">24 cm</subfield>
  </datafield>
  <datafield tag="490" ind1=" " ind2=" ">
    <subfield code="a">Colecci&#xF3;n Divulgaci&#xF3;n cient&#xED;fica</subfield>
  </datafield>
  <datafield tag="520" ind1=" " ind2=" ">
    <subfield code="a">&#xBF;Qu&#xE9; son los recuerdos? &#xBF;Para qu&#xE9; sirven? &#xBF;C&#xF3;mo se construyen y logran persistir mientras la materia que los sustenta cambia sin cesar? Los recuerdos son las huellas que la vida deja al pasar, trazos fugaces que convierten el ayer en algo tangible. Este libro parte de esta idea esencial para adentrarse en los fragmentos de la memoria, explorando c&#xF3;mo el pasado se reencarna en el presente. Andrea Levi desvela el misterioso nexo entre lo m&#xE1;s et&#xE9;reo de nuestro ser --la memoria-- y lo m&#xE1;s diminuto --nuestras c&#xE9;lulas--. A trav&#xE9;s de la neurobiolog&#xED;a, el libro revela la vida secreta de los recuerdos, tejidos por neuronas que dialogan, conservan, transforman e incluso transmiten memorias. Desde el fascinante caso del paciente h. m. hasta los versos de Orlando furioso, desde la epigen&#xE9;tica hasta la poes&#xED;a de un charco saltado en la infancia, ciencia y vida cotidiana se entrelazan para iluminar el arte de recordar... y olvidar</subfield>
  </datafield>
  <datafield tag="520" ind1=" " ind2=" ">
    <subfield code="a">What are memories? What purpose do they serve? How are they formed and how do they endure, even as the matter that sustains them is in constant flux? Memories are the traces life leaves behind&#x2014;fleeting impressions that make the past something we can hold onto.

This book begins with that essential idea, delving into the fragments of memory and exploring how the past is continually reborn in the present. Andrea Levi unveils the mysterious link between the most intangible part of our being&#x2014;memory&#x2014;and the tiniest of elements&#x2014;our cells.

Drawing on neurobiology, the book reveals the secret life of memories: woven by neurons that speak to one another, preserve, reshape, and even transmit our recollections. From the fascinating case of patient H.M. to the verses of Orlando Furioso, from epigenetics to the poetry of a puddle jumped in childhood, science and everyday life intertwine to shed light on the art of remembering&#x2026; and forgetting.</subfield>
  </datafield>
  <datafield tag="650" ind1="1" ind2="0">
    <subfield code="a">Memory</subfield>
    <subfield code="9">9634</subfield>
  </datafield>
  <datafield tag="650" ind1="1" ind2="0">
    <subfield code="a">Neurosciences</subfield>
    <subfield code="9">11153</subfield>
  </datafield>
  <datafield tag="942" ind1=" " ind2=" ">
    <subfield code="2">lcc</subfield>
  </datafield>
  <datafield tag="952" ind1=" " ind2=" ">
    <subfield code="0">0</subfield>
    <subfield code="1">0</subfield>
    <subfield code="2">lcc</subfield>
    <subfield code="4">0</subfield>
    <subfield code="7">0</subfield>
    <subfield code="a">TBS</subfield>
    <subfield code="b">TBS</subfield>
    <subfield code="d">2025-06-19</subfield>
    <subfield code="l">0</subfield>
    <subfield code="o">BF378.M45 LEV</subfield>
    <subfield code="p">B05823</subfield>
    <subfield code="r">2025-06-19</subfield>
    <subfield code="t">1</subfield>
    <subfield code="w">2025-06-19</subfield>
    <subfield code="y">1</subfield>
  </datafield>
  <datafield tag="999" ind1=" " ind2=" ">
    <subfield code="c">4779</subfield>
    <subfield code="d">4779</subfield>
  </datafield>
</record>
